World capitalism in crisis (chapter I)

Shranjeno v:
Bibliografske podrobnosti
Format: Texto
Izdano: s.l.: s.e.
Oznake: Označite
Brez oznak, prvi označite!

MARC

LEADER 00000 a a2200000 04500
001 23627
003
040
090 |a 163800  
245 |a World capitalism in crisis (chapter I)  
260 |a s.l.:   |b s.e.  
300 |a 60 p.  
999 |c 2820  |d 2820